000 00533nam a2200181Ia 4500
001 9176
005 20260306160704.0
008 260306t2010||||xx |||||||||||||| ||spa||
041 _aESP
082 _a375
_bB43
100 _aBenavides, Martín [ed.]
_eAUT
245 0 _aCambio y continuidad en la escuela peruana:
_buna mirada institucional a la implementación de programas, procesos y proyectos educativos
260 _c2010
300 _a205 páginas :
_c22 cm.
650 _aGEN
654 _aCED
942 _cLIB
_dJUS
_fJUS
_2ddc
_n
999 _c9176
_d9176